Statistics for SEO Tips and Tricks

Click here to take the quiz!

General Stats

  • This quiz has been taken 2 times
  • The average score is 3 of 5

Answer Stats

QuestionAnswer% Correct
What is one of the most important factors for improving search engine rankings?Optimizing website content with relevant keywords
100%
Which meta tag provides a concise summary of a webpage's content?Meta description
50%
What does the term 'canonical URL' refer to in SEO?The preferred version of a webpage to be indexed by search engines
50%
What is the purpose of a sitemap in SEO?To provide search engines with a list of the website's pages
50%
What is the purpose of using alt tags in image optimization for SEO?To provide a description of the image for search engines
0%

Score Distribution

Percentile by Number Answered

Percent of People with Each Score

Your Score History

You have not taken this quiz